Ξενοφώντος Κύρου παιδεία : αρχαίον κείμενον
Αποθηκεύτηκε σε:
| Κύριος συγγραφέας: | |
|---|---|
| Άλλοι συγγραφείς: | , |
| Μορφή: | Βιβλίο |
| Γλώσσα: | Greek Ancient Greek |
| Δημοσίευση: |
Εν Αθήναις :
Πάπυρος,
1956, 1958.
|
| Σειρά: | Βιβλιοθήκη "Παπύρου". Τα άπαντα των αρχαίων Ελλήνων συγγραφέων.
; 221, 224, 230, 236, 239, 242 |
| Θέματα: | |
| Ετικέτες: |
Προσθήκη ετικέτας
Δεν υπάρχουν, Καταχωρήστε ετικέτα πρώτοι!
|
MARC
| LEADER | 00000cam a2200000 a 4500 | ||
|---|---|---|---|
| 001 | 1/125004 | ||
| 008 | 220607m19561958gr | ||| |||| ||gre|| | ||
| 040 | |a GR-MyUa |b gre |c GR-MyUa |e AACR2 | ||
| 041 | 1 | |a gre |h grc | |
| 082 | 7 | |a 884.3 |2 (23) | |
| 100 | 0 | |a Ξενοφών, |d π. 430- π. 350. | |
| 245 | 1 | 0 | |a Ξενοφώντος Κύρου παιδεία : |b αρχαίον κείμενον / |c Ξενοφών ; εισαγωγή, μετάφρασις, σημειώσεις: Σταύρου Τζουμελέα, Α. Παπαθεοδώρου. |
| 260 | |a Εν Αθήναις : |b Πάπυρος, |c 1956, 1958. | ||
| 300 | |a 536 σ. ; |c 21 εκ. | ||
| 490 | 1 | |a (Βιβλιοθήκη ''Παπύρου". Τα άπαντα των αρχαίων Ελλήνων συγγραφέων ; |v 221, 224, 230, 236, 239, 242) | |
| 500 | |a Το παρόν αποτελεί έναν ενιαίο τόμο με συνεχόμενη αρίθμηση σελίδων και δεμένους τους έξι τόμους μαζί μετά την έκδοσή τους. | ||
| 500 | |a Πρωτότυπο κείμενο και νεοελληνική απόδοση σε αντικριστές σελίδες. | ||
| 600 | 0 | 0 | |a Ξενοφών, |d π. 430- π. 350. |
| 650 | 0 | |a Classical literature. | |
| 650 | 0 | |a Literature, Ancient |z Greece. | |
| 650 | 0 | |a Epic poetry, Classical. | |
| 700 | 1 | |a Τζουμελέας, Σταύρος, |e trl | |
| 700 | 1 | |a Παπαθεοδώρου, Απόστολος Π., |d 1928- |e trl | |
| 830 | 0 | |a Βιβλιοθήκη "Παπύρου". |p Τα άπαντα των αρχαίων Ελλήνων συγγραφέων. |v ; 221, 224, 230, 236, 239, 242 | |
| 852 | |a INST |b RHODES |c AKA |e 20220607 |h 884.3 ΞΕΝ |p 005400042902 |q 005400042902 |t BK |y 0 | ||
| 970 | |z 07-06-2022 | ||